Top Saskatchewan Baby Names 2008 Quiz Stats

 Plays Quiz not verified by Sporcle

Score 0/40 Timer 10:00
0 Plays Today
# of Babies with Name Name % Correct
53Emma
72.9%
38Emily
72.9%
36Jacob
65.4%
32Madison
62.2%
27Sarah
61.5%
34Olivia
59.2%
34Matthew
58.1%
51Hannah
57.4%
63Ava
54%
30Isabella
53.5%
71Ethan
52.8%
40Joshua
47.4%
37Alexander
45.3%
29Chloe
41.7%
31Ella
40.8%
33Aiden
40.1%
27Sophie
39.9%
31Abigail
38.7%
34Benjamin
37.8%
32Jayden
36.7%
# of Babies with Name Name % Correct
38Taylor
36.2%
49Noah
35.3%
33Lucas
35.1%
39Liam
33.3%
26Alexis
30.1%
38Logan
29.4%
34Owen
22.1%
24Avery
21.9%
30Austin
21.9%
33Hailey
21.4%
31Dylan
21.2%
33Mason
21%
32Hunter
20.3%
29Brooke
18%
30Hayden
17.3%
31Brooklyn
13.9%
37Carter
13.9%
24Peyton
10.9%
33Brody
7.7%
25Sadie
6.2%

You're not logged in!

Compare scores with friends on all Sporcle quizzes.
OR
Log In

You Might Also Like...

Show Comments

Extras

Top Quizzes Today


Score Distribution

Your Account Isn't Verified!

In order to create a playlist on Sporcle, you need to verify the email address you used during registration. Go to your Sporcle Settings to finish the process.

Report this User

Report this user for behavior that violates our Community Guidelines.

Details: